Discovering data mining : from concept to implementation

Αποθηκεύτηκε σε:
Λεπτομέρειες βιβλιογραφικής εγγραφής
Άλλοι συγγραφείς: Cabena, Peter
Μορφή: Βιβλίο
Γλώσσα:English
Δημοσίευση: Upper Saddle River, NJ. : Prentice Hall, c1998
Θέματα:
Ετικέτες: Προσθήκη ετικέτας
Δεν υπάρχουν, Καταχωρήστε ετικέτα πρώτοι!

MARC

LEADER 00000nam a2200000 i 4500
001 1/69119
008 990208s1998 eng d
020 |a 0-13-743980-6 
035 |l 10047769 
040 |a GR-MY-UA  |b gre  |e aacr 
041 0 |a eng 
082 0 |a 658.05631 
245 1 0 |a Discovering data mining :  |b from concept to implementation /  |c Peter Cabena ... [et al.]. 
260 |a Upper Saddle River, NJ. :   |b Prentice Hall,   |c c1998 
300 |a xix, 195 p.;  |b ill.;  |c 25 cm. 
500 |a Includes bibliographical references and index 
650 0 0 |a Data mining. 
650 0 0 |a Marketing  |x Data processing. 
650 0 0 |a Business  |x Data processing. 
700 1 |a Cabena, Peter. 
852 |a INST  |b SAMOS  |e 19990208  |h 658.05631 DIS  |p 005300013399  |q 005300013399  |t BK  |y 0 
901 |a BIBL-1999-1 
909 |a Σ  |b 062875 
922 |a 3ΕΛΗ  |b 199812  |c ΤΠΕΣ  |d ΠΑΠΑΣΩΤΗΡΙΟΥ